MARC

LEADER 00000nam0a2200000 4500
001 164020
005 20231031161048.0
010 |a 524702673X 
020 |a RU  |b 92-20863 
035 |a (RuTPU)RU\TPU\book\177936 
090 |a 164020 
100 |a 20090826d1992 k y0rusy5003 ca 
101 0 |a rus 
102 |a RU 
105 |a y z 000zy 
200 1 |a Микрокалькуляторы в бурении  |f В. Г. Григулецкий [и др.] 
210 |a Москва  |c Недра  |d 1992 
215 |a 125 с.  |c ил. 
300 |a Авт. указаны на обороте тит. л. 
610 1 |a бурение 
610 1 |a математические исследования 
610 1 |a микрокалькуляторы 
610 1 |a бурение на газ 
610 1 |a скважины 
610 1 |a направленное бурение 
610 1 |a решение задач 
610 1 |a гидравлические расчеты 
610 1 |a долота 
610 1 |a КНБК 
610 1 |a обсадные колонны 
610 1 |a расчет 
675 |a 550.822.7.02  |z rus 
701 1 |a Григулецкий  |b В. Г.  |g Владимир Георгиевич 
701 1 |a Лукьянов  |b В. Т.  |g Владимир Тимофеевич 
701 1 |a Погорелов  |b Е. В.  |g Евгений Владимирович 
701 1 |a Бойченко  |b В. А.  |g Владимир Александрович 
801 0 |a RU  |b RuMRKP  |c 19950417  |g psbo 
801 1 |a RU  |b 63413507  |c 20090826 
801 2 |a RU  |b 63413507  |c 20150310  |g RCR 
942 |c BK